Livre Harry Potter à l'école des sorciers, Chapitre 1 niveau difficile - Statistiques

Statistiques générales
  • Ce quiz a été pris 53 fois
  • Le résultat moyen est 14 sur 24
Statistiques - réponses
Hint Réponse % Correct
Dans quelle rue Mr et Mrs Dursley habitent-ils au numéro 4 ? Privet Drive
98%
Quel jour de la semaine commence cette histoire ? Mardi
90%
Quels animaux perturbent les passants dans la rue sans que Vernon ne s'en rende compte ? Hiboux
88%
Quand ils découvrent la cicatrice en forme d'éclair de Harry, Dumbledore évoque sa propre cicatrice au-dessus du genou gauche, qui représente apparemment un plan de métro, mais de quelle ville ? Londres
81%
Quel mot du langage magique ce sorcier prononce-t-il, mais que Vernon ne comprend pas ? Moldu
79%
Qui trouvera Harry sur le seuil de la porte le lendemain matin en sortant les bouteilles de lait ? Pétunia
79%
Qui a prêté à Hagrid la moto qu'il utilise pour amener Harry chez son oncle et sa tante ? Sirius Black
77%
Quels accessoires vestimentaires sont portés par de nombreux passants ce matin-là, ce qui agace Mr. Dursley ? Capes
71%
Quel objet, laissé par Dumbledore, Harry tient-il à la main dans son berceau ? Lettre
67%
Quelle est la couleur de la cape du sorcier que Vernon bouscule en quittant son travail ? Violette
65%
Quel est le parfum de l'esquimau que Dumbledore propose à McGonagall ? Citron
63%
Quels objets fabrique cette entreprise ? Perceuses
60%
A quel numéro d'étage se trouve le bureau de Vernon dans son entreprise ? 8
58%
En plus des hiboux, quel phénomène étrange est annoncé par le présentateur météo à la télé ce jour-là ? Etoiles filantes
52%
Quels sont les derniers mots prononcés par Dumbledore à l'intention de Harry avant de disparaître ? Bonne chance Harry
44%
Que lisait le chat que Mr. Dursley aperçoit au coin de la rue en partant de chez lui ce matin-là ? Carte routière
44%
Quel est le titre de ce premier chapitre ? Le Survivant
42%
Selon Hagrid, quelle ville survolait-il quand Harry s'est endormi ? Bristol
40%
Quelle est le nom de l'entreprise de Vernon Dursley ? Grunnings
38%
Quels nouveaux mots le petit Dudley a-t-il appris à prononcer ce jour-là ? Veux pas
35%
A la place des chiffres, quels dessin trouve-t-on sur la montre que sort Dumbledore ? Planètes
33%
Selon le professeur McGonagall, qui est responsable des pluies d'étoiles filantes dans le Kent ? Dedalus Diggle
25%
Comment est appelé dans ce chapitre le premier objet magique que nous rencontrons, le briquet argenté utilisé par Dumbledore pour éteindre les réverbères, qui sera plus tard appelé déluminateur ? Eteignoir
25%
Qu'achète Vernon chez le boulanger en face de son entreprise ? Beignet
19%
Aucun quiz correspondant
Distribution des résultats
% des personnes avec chaque résultat
Percentile par nombre de réponses
Votre historique - résultats
Vous n’avez pas pris ce quiz